| 000 | 00436cam a2200169ua 4500 | ||
|---|---|---|---|
| 020 | _c3.00 | ||
| 041 |
_amal _h |
||
| 082 |
_a894.812301 _bILA/CH |
||
| 100 | _aIlangovadikal, . | ||
| 245 |
_aChilappathikaram / _cIlangovadikal. _hTextual Documents |
||
| 260 |
_aCalicut : _bMathrubhumi Printing & Publishing Companty Ltd , _c1966. |
||
| 300 | _a209 ; . | ||
| 365 | _a3.00 | ||
| 504 | _a | ||
| 942 | _cBK | ||
| 999 |
_c4736 _d4736 |
||